000 00954nam a22003017a 4500
003 CHAP
005 20220329133957.0
008 971013s1977 r 00010 d
010 _a13503
011 _a14475
035 _a18549
040 _cCHAP
082 _a001.64044
_bG6
100 0 0 _aGonzález, Rafael C.
_949542
245 _aDigital image processing
260 _aLondon, Addison :
_bWesley,
_c1977
300 _a431 p.
_b: ilus
490 _aApplied mathematics and computation
_v; 13
590 _aBATCH-UPD
_b10
_c20130110
_lUCH01
_h2232
590 _aBATCH-UPD
_b10
_c20130410
_lUCH01
_h1527
590 _aBATCH-UPD
_b10
_c20130914
_lUCH01
_h0816
590 _aCONVERSION
_b10
_c20130109
_lUCH01
_h1309
650 1 4 _aCalculadoras electrónicas digitales.
_917346
830 0 _aApplied mathematics and computation
_v; 13
_96362
901 _aBK
942 _cLIBRO
949 _a001.64044 G6
_bBC
_cLIBRO
_d-43256
_eLIBRO
_h58258
_i18549
_si
_t1557.00
999 _c13503
_d13503